000 00865nam a2200253 a 4500
008 951121s1989||||[C 0 slo c
020 _c21 Kčs.
_q(15000 výtl.)
040 _aSNK
_bslo
_cSNK
_eAACR2
041 1 _aslo
_hbul
044 _axo
_cSK
080 _a886.7-3
100 1 _aDilov, Ľuben
_4aut
245 1 0 _aNedokončený román jednej študentky
_cĽuben Dilov ; Anna Sykorová, Igor Otčenáš, Jana Želibská, Dušan Junek
250 _a1., vyd.
260 _aBratislava
_bSmena
_c1989
_eBratislava
_fPravda
300 _a215 s., 13,41 AH
_c21 cm
490 0 _aMáj
_vZv. 526.
500 _aIlustr. na front. Spoluvyd. Lidové nakladatelství, Mladá fronta a Naše vojsko, Praha.
700 1 _aSykorová, Anna
_4trl
700 1 _aOtčenáš, Igor
_4[ADC]
700 1 _aŽelibská, Jana
_d1941-
_4bkd
700 1 _aJunek, Dušan
_4bkd
958 _aA
999 _c10302
_d10302